<?xml version="1.0" encoding="UTF-8"?><?xml-stylesheet type="text/xsl" href="static/style.xsl"?><OAI-PMH xmlns="http://www.openarchives.org/OAI/2.0/" xmlns:xsi="http://www.w3.org/2001/XMLSchema-instance" xsi:schemaLocation="http://www.openarchives.org/OAI/2.0/ http://www.openarchives.org/OAI/2.0/OAI-PMH.xsd"><responseDate>2026-04-27T20:12:03Z</responseDate><request verb="GetRecord" identifier="oai:uvadoc.uva.es:10324/48285" metadataPrefix="marc">https://uvadoc.uva.es/oai/request</request><GetRecord><record><header><identifier>oai:uvadoc.uva.es:10324/48285</identifier><datestamp>2025-03-26T19:45:09Z</datestamp><setSpec>com_10324_5460</setSpec><setSpec>com_10324_5186</setSpec><setSpec>com_10324_29291</setSpec><setSpec>col_10324_48251</setSpec></header><metadata><record xmlns="http://www.loc.gov/MARC21/slim" xmlns:doc="http://www.lyncode.com/xoai" xmlns:xsi="http://www.w3.org/2001/XMLSchema-instance" xmlns:dcterms="http://purl.org/dc/terms/" xsi:schemaLocation="http://www.loc.gov/MARC21/slim http://www.loc.gov/standards/marcxml/schema/MARC21slim.xsd">
<leader>00925njm 22002777a 4500</leader>
<datafield tag="042" ind1=" " ind2=" ">
<subfield code="a">dc</subfield>
</datafield>
<datafield tag="720" ind1=" " ind2=" ">
<subfield code="a">Gilabert, Gaston</subfield>
<subfield code="e">author</subfield>
</datafield>
<datafield tag="260" ind1=" " ind2=" ">
<subfield code="c">2021</subfield>
</datafield>
<datafield tag="520" ind1=" " ind2=" ">
<subfield code="a">La poca atención prestada por copistas e impresores a las acotaciones sonoras del teatro del Siglo de Oro ha hecho que pasen desapercibidas ciertas estrategias poético-musicales que Lope de Vega utilizó para generar significados complejos e interrelacionados con la trama. Este trabajo analiza el villancico “A la gala de Febo” de la comedia El Amor enamorado, rastrea fuentes e influencias y colma lagunas críticas hasta el punto de dar noticia del descubrimiento de un manuscrito anónimo hallado en la Biblioteca de Catalunya con la música del texto lopesco, que hasta ahora se creía perdida.</subfield>
</datafield>
<datafield tag="024" ind2=" " ind1="8">
<subfield code="a">Castilla. Estudios de Literatura; Núm. 12 (2021) pags. 29-62</subfield>
</datafield>
<datafield tag="024" ind2=" " ind1="8">
<subfield code="a">1989-7383</subfield>
</datafield>
<datafield tag="024" ind2=" " ind1="8">
<subfield code="a">https://uvadoc.uva.es/handle/10324/48285</subfield>
</datafield>
<datafield tag="024" ind2=" " ind1="8">
<subfield code="a">10.24197/cel.12.2021.29-62</subfield>
</datafield>
<datafield tag="024" ind2=" " ind1="8">
<subfield code="a">29</subfield>
</datafield>
<datafield tag="024" ind2=" " ind1="8">
<subfield code="a">12</subfield>
</datafield>
<datafield tag="024" ind2=" " ind1="8">
<subfield code="a">62</subfield>
</datafield>
<datafield ind1=" " ind2=" " tag="653">
<subfield code="a">Literatura</subfield>
</datafield>
<datafield tag="245" ind1="0" ind2="0">
<subfield code="a">El villancico de Lope de Vega en «El Amor enamorado»: funciones dramáticas y hallazgo de un manuscrito inédito</subfield>
</datafield>
</record></metadata></record></GetRecord></OAI-PMH>